Vista normal
Vista MARC
- Villacorta Luis, Purificación
Entrada Nombre de persona
Número de registros utilizados en: 1
001 - NÚMERO DE CONTROL
- campo de control: 1394
003 - IDENTIFICADOR DEL NÚMERO DE CONTROL
- campo de control: ES-MaFIAP
005 - FECHA Y HORA DE LA ÚLTIMA TRANSACCIÓN
- campo de control: 20231026122630.0
008 - DATOS DE LONGITUD FIJA
- campo de control de longitud fija: 231026|| aca||aabn | a|a d
040 ## - FUENTE DE LA CATALOGACIÓN
- Centro catalogador/agencia de origen: ES-MaFIAP
100 1# - ENCABEZAMIENTO-NOMBRE DE PERSONA
- Nombre de persona: Villacorta Luis, Purificación





